• 首页
  • 本馆介绍
  • 公告通知
  • 最新文献
  • 馆藏检索
  • 电子资源
  • 读者导购
  • 参考咨询
  • 我的图书馆
  • 登录
  • 详细信息显示
  • 放入我的书架
  • 预约/预借图书
  • 作者相关作品
  • 分类相关作品
  • 丛书相关作品
  • 出版社相关作品

书目信息

  • 表格格式
  • 工作单格式
  • 卡片格式
题名:
河蟹增养殖技术
    
 
作者: 张列士 , 李军 编著
分册:  
出版信息: 北京   金盾出版社  2009.06
页数: 365页, 4页图版
开本: 19cm
丛书名:
单 册:
中图分类: S966.16
科图分类:
主题词: 养蟹--淡水养殖
电子资源:
ISBN: 978-7-5082-1942-4
000 00858nam0 2200241 450
001 2353203514
005 20231209145005.26
010    @a978-7-5082-1942-4@dCNY 19.00
100    @a20101030d2009 em y0chiy50 ea
101 0  @achi
102    @aCN@b110000
105    @aafk a 000yy
200 1  @a河蟹增养殖技术@Ahe xie zeng yang zhi ji shu@f张列士, 李军编著
210    @a北京@c金盾出版社@d2009.06
215    @a365页, 4页图版@c图 (部分彩图)@d19cm
320    @a有书目 (第362-365页)
330    @a本书由上海市水产研究所研究员张列士等编著。内容包括: 河蟹的生物学特性, 河解的自然繁殖和生态习性, 蟹苗资源及开发利用, 河蟹人工育苗, 蟹种培育, 商品蟹养殖, 河蟹疾病的防治。
606 0  @a养蟹@x淡水养殖
690    @aS966.16@v5
701  0 @a张列士@Azhang lie shi@4编著
701  0 @a李军@Ali jun@4编著
801  0 @aCN@b湖北三新@c20101113
905    @aBZT@dS966.16@e104
    
    河蟹增养殖技术/张列士, 李军编著.-北京:金盾出版社,2009.06
    365页, 4页图版:图 (部分彩图);19cm
    
    
    ISBN 978-7-5082-1942-4:CNY 19.00
    本书由上海市水产研究所研究员张列士等编著。内容包括: 河蟹的生物学特性, 河解的自然繁殖和生态习性, 蟹苗资源及开发利用, 河蟹人工育苗, 蟹种培育, 商品蟹养殖, 河蟹疾病的防治。
●
相关链接 在五车中查询图书 在当当中查询图书 在豆瓣中查询图书


正题名:河蟹增养殖技术     索取号:S966.16/104         预约/预借

序号 登录号 条形码 馆藏地/架位号 状态 备注
1 2001583822   2001583822   辽三/辽宁北配(第三批)/1856/ [索取号:S966.16/104] 在馆    
2 2001583823   2001583823   辽三/辽宁北配(第三批)/1856/ [索取号:S966.16/104] 在馆    
3 2001583824   2001583824   辽三/辽宁北配(第三批)/1856/ [索取号:S966.16/104] 在馆    
4 2001583825   2001583825   辽三/辽宁北配(第三批)/1856/ [索取号:S966.16/104] 在馆    
5 2001583826   2001583826   辽三/辽宁北配(第三批)/1856/ [索取号:S966.16/104] 在馆    
6 2001583827   2001583827   辽三/辽宁北配(第三批)/1856/ [索取号:S966.16/104] 在馆    
7 2001583828   2001583828   辽三/辽宁北配(第三批)/1856/ [索取号:S966.16/104] 在馆    
8 2001583829   2001583829   辽三/辽宁北配(第三批)/1856/ [索取号:S966.16/104] 在馆    
9 2001583830   2001583830   辽三/辽宁北配(第三批)/1856/ [索取号:S966.16/104] 在馆    
10 2001583831   2001583831   辽三/辽宁北配(第三批)/1856/ [索取号:S966.16/104] 在馆    
11 2001583832   2001583832   辽三/辽宁北配(第三批)/1857/ [索取号:S966.16/104] 在馆    
12 2001583833   2001583833   辽三/辽宁北配(第三批)/1857/ [索取号:S966.16/104] 在馆    
13 2001583834   2001583834   辽三/辽宁北配(第三批)/1857/ [索取号:S966.16/104] 在馆    
14 2001583835   2001583835   辽三/辽宁北配(第三批)/1857/ [索取号:S966.16/104] 在馆    
15 2001583836   2001583836   辽三/辽宁北配(第三批)/1857/ [索取号:S966.16/104] 在馆    
16 2001583837   2001583837   辽三/辽宁北配(第三批)/1857/ [索取号:S966.16/104] 在馆    
17 2001583838   2001583838   辽三/辽宁北配(第三批)/1857/ [索取号:S966.16/104] 在馆    
18 2001583839   2001583839   辽三/辽宁北配(第三批)/1857/ [索取号:S966.16/104] 在馆    
19 2001583840   2001583840   辽三/辽宁北配(第三批)/1857/ [索取号:S966.16/104] 在馆    
20 2001583841   2001583841   辽三/辽宁北配(第三批)/1857/ [索取号:S966.16/104] 在馆    
21 2001583842   2001583842   辽三/辽宁北配(第三批)/1857/ [索取号:S966.16/104] 在馆    
22 2001583843   2001583843   辽三/辽宁北配(第三批)/1857/ [索取号:S966.16/104] 在馆    
23 2001583844   2001583844   辽三/辽宁北配(第三批)/1857/ [索取号:S966.16/104] 在馆    
24 2001583845   2001583845   辽三/辽宁北配(第三批)/1857/ [索取号:S966.16/104] 在馆    
25 2001583846   2001583846   辽三/辽宁北配(第三批)/1857/ [索取号:S966.16/104] 在馆    
26 2001583847   2001583847   辽三/辽宁北配(第三批)/1857/ [索取号:S966.16/104] 在馆    
27 2001583848   2001583848   辽三/辽宁北配(第三批)/1857/ [索取号:S966.16/104] 在馆    
28 2001583849   2001583849   辽三/辽宁北配(第三批)/1857/ [索取号:S966.16/104] 在馆    
29 2001583850   2001583850   辽三/辽宁北配(第三批)/1857/ [索取号:S966.16/104] 在馆    
30 2001583851   2001583851   辽三/辽宁北配(第三批)/1857/ [索取号:S966.16/104] 在馆    
山东省滨州职业学院图书馆 欢迎您!
大连网信软件有限公司© 版权所有